00794nam a2200205Ia 4500003000900000008004100009020001800050040001600068080001500084110004600099245011200145260005700257300001300314490006500327650003300392650001900425942000700444999001700451952012000468IN-BaIIA211028s9999 xx 000 0 eng d a0-87891-513-3 cIIA Library a517.9bREA aResearch and Education Association918662 0aREA's problem solversbdifferential equationscResearch and Education Association  aNew JerseybResearch and Education Associationc1993 axv,1390p aREA's problem solvers : A complete solution guide to any tex aDifferential equations91510 aNASA Thesaurus cBK c10914d10914 00104070aBANbBANcGENd1994-02-23g994.35l0o517.9/ REAp11826r2021-11-05v994.35w1994-02-23yBKGRs. 994.35